ARRUPE JESUIT UNIVERSITY

CORONAVIRUS -STOP THE SPREAD - CLEAN,DISINFECT,COVER

Great days: (Record no. 31748)

MARC details
000 -LEADER
fixed length control field 00491nam a2200193Ia 4500
003 - CONTROL NUMBER IDENTIFIER
control field 0100
005 - DATE AND TIME OF LATEST TRANSACTION
control field 20180228112556.0
008 - FIXED-LENGTH DATA ELEMENTS--GENERAL INFORMATION
fixed length control field 130303s9999 xx 000 0 und d
040 ## - CATALOGING SOURCE
Transcribing agency ARRUPELIB
050 ## - LIBRARY OF CONGRESS CALL NUMBER
Classification number DT776.J6A3 1972
300 ## - PHYSICAL DESCRIPTION
Other physical details 365p. 23cm.
100 ## - MAIN ENTRY--PERSONAL NAME
Personal name Johnson, Frank
9 (RLIN) 39712
245 ## - TITLE STATEMENT
Title Great days:
Remainder of title the autobiography of an empire pioneer /
260 ## - PUBLICATION, DISTRIBUTION, ETC. (IMPRINT)
Place of publication, distribution, etc Bulawayo
Name of publisher, distributor, etc Books of Rhodesia
Date of publication, distribution, etc 1972
300 ## - PHYSICAL DESCRIPTION
Extent xix
440 ## - SERIES STATEMENT/ADDED ENTRY--TITLE
Title Rhodesiana Reprint Library: Godl series n. 24
9 (RLIN) 39713
650 ## - SUBJECT ADDED ENTRY--TOPICAL TERM
Topical term or geographic name as entry element Rhodesia
General subdivision History
9 (RLIN) 22054
650 ## - SUBJECT ADDED ENTRY--TOPICAL TERM
Topical term or geographic name as entry element India
General subdivision History
Chronological subdivision 20th century
9 (RLIN) 39714
942 ## - ADDED ENTRY ELEMENTS (KOHA)
Source of classification or shelving scheme Library of Congress Classification
Koha item type Monograph ( Printed materials)
Holdings
Withdrawn status Lost status Source of classification or shelving scheme Damaged status Not for loan Collection code Home library Current library Date acquired Total Checkouts Full call number Barcode Date last seen Copy number Price effective from Koha item type Shelving location
    Library of Congress Classification     Main Collection ARRUPE LIBRARY ARRUPE LIBRARY 04/03/2013   DT776.J6A3 1972 46600000538 07/12/2017 1 04/03/2013 Monograph ( Printed materials)  
    Library of Congress Classification     Main Collection ARRUPE LIBRARY ARRUPE LIBRARY 04/03/2013   DT776.J6A3 1972 46600000572 07/12/2017 2 04/03/2013 Monograph ( Printed materials) Main Collection
    Library of Congress Classification     SPECIAL Collection ARRUPE LIBRARY ARRUPE LIBRARY 09/04/2014   SPC DT776.J6A3 1972 46500001744 09/04/2014 3 09/04/2014 REFERENCE Main Collection
    Library of Congress Classification     SPECIAL Collection ARRUPE LIBRARY ARRUPE LIBRARY 24/04/2014   SPC DT776.J6A3 1972 46500001589 24/04/2014 4 24/04/2014   Main Collection

 

Arrupe Library. PO Box MP320 Mt Pleasant, Harare, Zimbabwe
263 242 745411|librarian@aju.ac.zw